000
00328nam a2200121 a 4500
005
20140414131925.0
008
101027s19uu xx 00 eng d
050
_a
ER
_b
R75 1994
100
_a
Williams, Rozanne Lanczak
245
_a
Round and round the seasons go.
260
_b
Creative Teaching Press,
_c
1994.
999
_c
111977
_d
111977